| 000 | 01099nam a2200217Ia 4500 | ||
|---|---|---|---|
| 003 | OSt | ||
| 005 | 20241028093000.0 | ||
| 007 | ca aa aaaaa | ||
| 008 | 201103s9999 xx 000 0 und d | ||
| 040 | _cSSBUL | ||
| 041 | _abur | ||
| 082 |
_223 _a၂၉၄.၃၄၃၅၀၉ အောင် _b၉၃၆၄ S-SAT |
||
| 100 | 0 |
_aအောင်မြင့်၊ ဦး(သုဝဏ္ဏဘူမိ)။ _917434 |
|
| 245 | 1 | 0 |
_aဖကျောက်အင်းဆံ၊ နှီးဘုရားရက်လုပ်ပူဇော်လှူဒါန်းပွဲတော်၊ မှတ်တမ်းများ / _cဦးအောင်မြင့် (သုဝဏ္ဏဘူမိ)။ |
| 260 |
_a[နေရာမပါ] ၊ _b[ထုတ်ဝေသူမပါ]၊ _c[ခုနှစ်မပါ]။ |
||
| 300 |
_aခ၊ ၁၇၂ စာမျက်နှာ ၊ _c၂၁ စင်တီ။ |
||
| 500 | _aS-SAT: Dr. Sai Aung Tun | ||
| 650 |
_aစေတီပုထိုး _vသမိုင်း။ _955057 |
||
| 650 |
_aနှီးဘုရား _955076 |
||
| 942 |
_2ddc _cBK1 |
||
| 999 |
_c16876 _d16876 |
||